Library Banner

Stewart's calculus [CD] | 5th (Record no. 41713)

MARC details
000 -LEADER
fixed length control field 00443nam a2200157Ia 4500
001 - CONTROL NUMBER
control field 43712
008 - FIXED-LENGTH DATA ELEMENTS--GENERAL INFORMATION
fixed length control field 140425s9999 xx 000 0 und d
020 ## - INTERNATIONAL STANDARD BOOK NUMBER
International Standard Book Number 0534393268
040 ## - CATALOGING SOURCE
Transcribing agency PK-LaUMT
082 ## - DEWEY DECIMAL CLASSIFICATION NUMBER
Classification number 515
Item number STE-C
245 ## - TITLE STATEMENT
Title Stewart's calculus [CD]
Remainder of title early transcendentals
Title 5th
260 ## - PUBLICATION, DISTRIBUTION, ETC. (IMPRINT)
Place of publication, distribution, etc Australia:
Name of publisher, distributor, etc Thomson,
Date of publication, distribution, etc NA
500 ## - GENERAL NOTE
General note Data entered available on the CD so cataloguing information is incomplete
546 ## - LANGUAGE NOTE
Language note EN
942 ## - ADDED ENTRY ELEMENTS (KOHA)
Koha item type Books
Holdings
Withdrawn status Lost status Damaged status Not for loan Home library Current library Date acquired Total Checkouts Full call number Barcode Date last seen Price effective from Koha item type
        UMT Main Campus UMT Main Campus 2014-04-25   515 STE-C 45993 2014-05-06 2014-05-06 Books